| 000 | 00609nam a2200205Ia 4500 | ||
|---|---|---|---|
| 003 | 0100 | ||
| 008 | 130303s9999 xx 000 0 und d | ||
| 020 | _a268009929 | ||
| 040 | _cARRUPELIB | ||
| 050 | _aBJ1531.F74 1994 | ||
| 245 | _aFreedom, virtue and the common good | ||
| 260 | _aIndiana | ||
| 260 | _bAmerican Maritain Association | ||
| 260 | _C1995 | ||
| 300 | _axi | ||
| 300 | _b 374 p. 24 cm | ||
| 440 | _aAmerican Maritain Association publications | ||
| 700 | _aed.by Curtis L. Hancock Anthony O. Simon, with epilogue by Michael Novak , Hancock, Curtis L.Simon, Anthony O | ||
| 942 | 0 | 0 | _01 |
| 999 |
_c14901 _d14901 |
||